Same difference? (Record no. 84576)
[ view plain ]
| 000 -LEADER | |
|---|---|
| fixed length control field | 00708cab a22002175a 4500 |
| 001 - CONTROL NUMBER | |
| control field | L158372 |
| 008 - FIXED-LENGTH DATA ELEMENTS--GENERAL INFORMATION | |
| fixed length control field | 150123e20150117xxk 000 0 eng d |
| 035 ## - SYSTEM CONTROL NUMBER | |
| System control number | (Sirsi) u158372 |
| 041 0# - LANGUAGE CODE | |
| Language code of text/sound track or separate title | eng |
| 100 1# - MAIN ENTRY--PERSONAL NAME | |
| Personal name | Wade, Andrew |
| 245 00 - TITLE STATEMENT | |
| Title | Same difference? |
| 260 ## - PUBLICATION, DISTRIBUTION, ETC. | |
| Date of publication, distribution, etc. | 2015 |
| 490 ## - SERIES STATEMENT | |
| Series statement | Estates Gazette |
| Volume/sequential designation | (1502) 17 January 2015, 56-57(2) |
| 520 ## - SUMMARY, ETC. | |
| Summary, etc. | The differences between England and Wales and Jersey in relation to the sale of land, leases and taxation. Areas covered include, title registration, leases, security of tenure and breach of termination. |
| 590 ## - LOCAL NOTE (RLIN) | |
| Local note | KA |
| 651 #4 - SUBJECT ADDED ENTRY--GEOGRAPHIC NAME | |
| Geographic name | England and Wales |
| Chronological subdivision | 1543- |
| 651 #4 - SUBJECT ADDED ENTRY--GEOGRAPHIC NAME | |
| Geographic name | Jersey |
| 690 ## - LOCAL SUBJECT ADDED ENTRY--TOPICAL TERM (OCLC, RLIN) | |
| Topical term or geographic name as entry element | PROPERTY LAW |
| 700 1# - ADDED ENTRY--PERSONAL NAME | |
| Personal name | Melia, Julie |
| 942 ## - ADDED ENTRY ELEMENTS (KOHA) | |
| Suppress in OPAC | 0 |
| Withdrawn status | Lost status | Source of classification or shelving scheme | Damaged status | Not for loan | Home library | Current library | Shelving location | Date acquired | Total Checkouts | Full call number | Barcode | Date last seen | Copy number | Price effective from | Koha item type |
|---|---|---|---|---|---|---|---|---|---|---|---|---|---|---|---|
| Dewey Decimal Classification | London | London | Journal article | 23/01/2015 | L158372 | 158372-1001 | 06/08/2019 | 1 | 06/08/2019 | Journal article |